| Tag |
First Indicator |
Second Indicator |
Subfields |
| LEADER |
00000cam a2200000 a 4500 |
| 001 |
in00001059513 |
| 005 |
20150929102143.0 |
| 008 |
810408s1980 fr 000 1 fre d |
| 035 |
|
|
|a (OCoLC)07317503
|
| 035 |
|
|
|9 AFP3373AM
|
| 040 |
|
|
|a EWF
|c EWF
|d TXA
|d UtOrBLW
|
| 049 |
|
|
|a TXAM
|
| 090 |
|
|
|a PQ2476.V4
|b C6 1980
|
| 100 |
1 |
|
|a Villiers de L'Isle-Adam, Auguste,
|c comte de,
|d 1838-1889.
|
| 245 |
1 |
0 |
|a Contes cruels /
|c Villiers de l'Isle-Adam ; introd., notices et notes par Pierre Citron.
|
| 264 |
|
1 |
|a Paris :
|b Garnier-Flammarion,
|c 1980.
|
| 300 |
|
|
|a 378 pages ;
|c 18 cm.
|
| 336 |
|
|
|a text
|b txt
|2 rdacontent
|
| 337 |
|
|
|a unmediated
|b n
|2 rdamedia
|
| 338 |
|
|
|a volume
|b nc
|2 rdacarrier
|
| 490 |
0 |
|
|a Garnier-Flammarion texte intégral ;
|v 340
|
| 504 |
|
|
|a Bibliography: pages [29]-30.
|
| 700 |
1 |
|
|a Citron, Pierre,
|e editor.
|
| 999 |
|
|
|a MARS
|
| 999 |
f |
f |
|s a08af62d-8e6d-3a4c-9b88-2c5c1b2ce681
|i 69e1bd0f-d9c3-356d-b039-626b51e97dbc
|t 0
|
| 952 |
f |
f |
|p ric
|a Texas A&M University
|b Rellis Campus
|c Joint Library Facility
|d Remote Storage
|t 0
|e PQ2476.V4 C6 1980
|h Library of Congress classification
|i unmediated -- volume
|m A14815714289
|
| 998 |
f |
f |
|a PQ2476.V4 C6 1980
|t 0
|l Remote Storage
|